000 00615nam a2200253Ia 4500
003 OSt
005 20221006143721.0
006 a|||||r|||| 00| 0
007 ta
008 221006b |||||||| |||| 00| 0 eng d
020 _cP11.95
024 _a9,756
037 _cTextual
040 _aEASL
_cEASL
_beng
041 _2eng
_aeng
082 _aX7.41, L9
100 _aHO H C Y
_9129414
245 0 _aFiscal system of Hong Kong
260 _aLondon
_bCroomHelm
_c1979
300 _a182p.
_ccm.
490 _v CEL
942 _hX7.41, L9
_cTEXL
_2CC
999 _c1077842
_d1077842